000 00516nam a2200217Ia 4500
003 OSt
005 20220924133755.0
006 a|||||r|||| 00| 0
007 ta
008 220923b |||||||| |||| 00| 0 snd d
024 _a268785
037 _cTextual
040 _aARTS
_cARTS
_bsnd
041 _2snd
_asnd
082 _aO157,3, 1593L8
100 _aBanfhoal
_9207316
245 0 _aShikari
260 _c1978
942 _hO157,3, 1593L8
_cTEXL
_2CC
999 _c435149
_d435149